Регионална библиотека "Любен Каравелов" - Русе

Трем на българската народна историческа епика от Момчила и Крали Марка до Караджата и Хаджи Димитра (Запис номер 120563)

MARC детайли
000 -Лидер
Контролно поле с фиксирана дължина 06371nam a2200601 c 4500
003 - Код на организацията, давaща контролен номер
Контролно поле BLK
005 - Дата и час на последна редакция
Контролно поле 20250220123824.0
008 - Елементи от данни с фиксирана дължина
fixed length control field 180409b bul|||||r ||||||| ||bul||
010 ## - Наследен системен номер
LC control number KNG00126179000
040 ## - Източник на каталожния запис
Идентификатор на билиотеката - собственик на записа BLK
041 ## - Код за език
Код за езика на текст/звукозапис или на отделно заглавие Български
Код за езика КДБФ Български
072 #7 - Код за тематичната категория
Код организация bullib
Код за тематична категория А
Текст Фонд Михаил Арнаудов
072 #7 - Код за тематичната категория
Код организация bullib
Код за тематична категория Я
Текст Автографи
080 ## - УДК
Текстов определител УДК Българска литература
УДК код - определител по УДК 821.163.2
УДК определител -13(082)
УДК - код + определител 821.163.2-13(082)
080 ## - УДК
Текстов определител УДК Българска литература
УДК код - определител по УДК 821.163.2
УДК определител -13.09
УДК - код + определител 821.163.2-13.09
080 ## - УДК
Текстов определител УДК Фолклор (в тесен смисъл)
УДК код - определител по УДК 398
УДК определител (497.2)
УДК - код + определител 398(497.2)
139 ## - Редно поле
Редна дума Ангелов, Божан и др.
Авторски знак Ан - А 64
245 10 - Сведения за заглавието
Заглавие Трем на българската народна историческа епика от Момчила и Крали Марка до Караджата и Хаджи Димитра
Подзаглавни данни С фолклорни, ист., езикови и др. бележки, показалец и речник
Редно поле (дума) състав. Божан Ангелов, Христо Вакарелски
257 ## - Страна на издаване
Страна на създаване/издаване България
260 ## - Област на издателските данни
Име на издателя, разпространителя и проч. Т. Ф. Чипев
Година на издаване 1939
Печатница София : Стоп. развитие
300 ## - Физическа характеристика
Страници 552 с.
Размери/Мащаб 23 см
380 ## - Жанр
Жанр Худож. лит.
490 ## - СЕРИИ (Колекции)
9 (RLIN) 396381
Име на серия Частна колекция - Академик Михаил Арнаудов
Бележки за серията Дарение - Основен фонд
500 ## - Общи забележки
Забележка Пълното име на първия състав. е Божан Ангелов Великов. - Фонд Михаил Арнаудов - отбелязва място в кн.: с. 218 (инв. № 589150)- екз. с твърда подв.
500 ## - Общи забележки
Забележка Автограф с текст: На моя многоуважаем учител и поощрител сърдечен спомен Хр. Вакарелски 3.VІ.1940 София (инв. № 587426)
651 #4 - Допълнително описание по предмет - топоним
Географско понятие България
9 (RLIN) 241624
653 ## - Ключова дума – ненормативна
Ключова дума народно творчество
653 ## - Ключова дума – ненормативна
Ключова дума Крали Марко
653 ## - Ключова дума – ненормативна
Ключова дума Стефан Караджа
653 ## - Ключова дума – ненормативна
Ключова дума Хаджи Димитър
659 ## - Тематичен бюлетин
Тематичен бюлетин А
659 ## - Тематичен бюлетин
Тематичен бюлетин Я
700 1# - Други автори (авторска отговорност)
Лично име Ангелов, Божан
Автороска отговорност (Описва отношението между автора и произведението) състав.
Друга информация Великов, Божан Ангелов
9 (RLIN) 374557
700 1# - Други автори (авторска отговорност)
Лично име Вакарелски, Христо Томов
Автороска отговорност (Описва отношението между автора и произведението) състав.
9 (RLIN) 374652
700 1# - Други автори (авторска отговорност)
Лично име Великов, Божан Ангелов
Автороска отговорност (Описва отношението между автора и произведението) *
9 (RLIN) 316717
762 ## - Описание на подсерията (дигитална колекция)
9 (RLIN) 409507
Име на дигиталната колекция Послания на времето
Резюме на колекция Акад. Михаил Арнаудов - послания и дарствени слова
Описание на колекция Академик Михаил Арнаудов е личност със значимо присъствие в българската култура и принос в областта на науката, литературата, фолклора, историята на българското Възраждане, социологията, философията и народопсихологията. Цялото документално и библиотечно наследство на родения в Русе виден учен е национално богатство от изключително значение. Единствено Регионална библиотека „Любен Каравелов“ – Русе притежава колекция от над 1500 книги от личната библиотека на Михаил Арнаудов с автографи, послания и дарствени надписи от български и чужди знакови личности. Зад всеки автограф се крие историята на взаимоотношенията между Академика и неговите съвременници. Тези автографи са неизвестни и неизследвани страници от българското културно наследство.
Номер на изображение 1
Описание на изображение Текст: На моя многоуважаем учител и поощрител сърдечен спомен Хр. Вакарелски 3.VІ.1940 София
Название на изображение Автограф от Христо Вакарелски
763 1# - Описание на подсерията (дигитални колекции - автор)
Връзки 45084
Автор към изображението Вакарелски, Христо
Дати, свързани с автора 15.12.1896 – 25.11.1979
Друга информация Христо Вакарелски е български етнограф и фолклорист. Завършва славянска филология в Софийския университет. Специализира славянска етнография във Варшава. През 1941 – 1944 г. е директор на Народния музей в Скопие. Директор на Народния етнографски музей в София от 1945 до 1948 г., в който остава да работи до 1962 г. Основател и председател на Българското природо-научно дружество. Неговите проучвания и студии го определят като един от водещите български етнографи и фолклористи през ХХ век. През 1965 г. получава Хердерова награда. Вакарелски е автор на редица специални проучвания върху народното художествено творчество и естетика. Най-значителни са „Музика в живота на родното ми село“ и „Бележки по музикална теория и естетика на народа“. Занимава се със събиране, издаване, изследване и популяризиране на фолклора. Издава няколко сборника с фолклорни материали и ценни изследвания върху сватбената песен.
Номера от таг 762 подп. 9 409507
Номер на изображение 1
Пълно име на автора Христо Вакарелски
852 ## - Местоположение
Форматна сигнатура Цб 8.220.12271
Фондова буква Основен фонд - ползва се само за читалня
852 ## - Местоположение
Форматна сигнатура МА 522
Фондова буква Фонд "Михаил Арнаудов"
856 4# - Електронен адрес и достъп
Електронен формат pdf - файл
856 4# - Електронен адрес и достъп
Електронен формат pdf - файл
999 ## - СИСТЕМНИ КОНТРОЛНИ НОМЕРА
Koha biblionumber 120563
Koha biblioitemnumber 120563
942 ## - АРТИКУЛИ
Вид на библиотечния материал Книги
Скрит в OPAC Не
Периодичен библиозапис Да
Koha issues (borrowed), all copies 2
944 ## - СЪЗДАВАНЕ И РЕДАКЦИЯ на ЗАПИСА
Създаване/Редакция Създаване
Дата на регистрацията/редакция 25.10.2011
Статус, дата на статуса Ренета Константинова
Служител, извършил регистрацията/редакцията 30546
944 ## - СЪЗДАВАНЕ И РЕДАКЦИЯ на ЗАПИСА
Създаване/Редакция Редакция
Дата на регистрацията/редакция 26.10.2016
Статус, дата на статуса 25.10.2011 - от С1,Р / 25.10.2011
999 ## - СИСТЕМНИ КОНТРОЛНИ НОМЕРА
Koha biblioitemnumber 120563
999 ## - СИСТЕМНИ КОНТРОЛНИ НОМЕРА
Koha biblioitemnumber 120563
999 ## - СИСТЕМНИ КОНТРОЛНИ НОМЕРА
Koha biblioitemnumber 120563
999 ## - СИСТЕМНИ КОНТРОЛНИ НОМЕРА
Koha biblioitemnumber 120563
999 ## - СИСТЕМНИ КОНТРОЛНИ НОМЕРА
Koha biblioitemnumber 120563
999 ## - СИСТЕМНИ КОНТРОЛНИ НОМЕРА
Koha biblioitemnumber 120563
999 ## - СИСТЕМНИ КОНТРОЛНИ НОМЕРА
Koha biblioitemnumber 120563
999 ## - СИСТЕМНИ КОНТРОЛНИ НОМЕРА
Koha biblioitemnumber 120563
Наличности
Код за отписване Код за изгубен артикул Източник на класификационната схема Код за повреда Коз за рестрикции Код за отдаване Артикулен № Име на библиотеката - собственик Име на библиотеката, в която се намира в момента Статус (Текущо местоположение) Дата на вписване в системата Местоположение - отдел Цена в лева Инвентарен номер Систематично азбучна сигнатура Баркод Номер на екземпляра Цена в евро Служебна бележка Служебен тип на артикула Номерация (Хронология)
  Не е изгубен Universal Decimal Classification Не е повреден без рестрикции ползва се в читалня 194722 Регионална библиотека "Любен Каравелов" Русе Регионална библиотека "Любен Каравелов" Русе Хранилище 1939-01-01 Основен фонд - ползва се само за читалня 0.24 12271 Цб 8.220.12271 900000046446 1 0.12 Вид: СФ Дата: 01.01.1939 Книги  
  Не е изгубен Universal Decimal Classification Не е повреден само за читалня Специални фондове ( старопечатни, редки и ценни, фонд М. Арнаудов) 194723 Регионална библиотека "Любен Каравелов" Русе Регионална библиотека "Любен Каравелов" Русе Фонд "Михаил Арнаудов" 1973-01-01 Фонд "Михаил Арнаудов" 15.00 587426 МА 522 120000587426 2 7.67 Дост: DA Вид: А N: стар фонд Дата: 01.01.1973 Книги Автограф: Христо Вакарелски
  Не е изгубен Universal Decimal Classification Не е повреден само за читалня Специални фондове ( старопечатни, редки и ценни, фонд М. Арнаудов) 194724 Регионална библиотека "Любен Каравелов" Русе Регионална библиотека "Любен Каравелов" Русе Фонд "Михаил Арнаудов" 1973-01-01 Фонд "Михаил Арнаудов" 150.00 589150 МА 522 120000589150 3 76.69 Дост: DA Вид: А N: стар фонд Дата: 01.01.1973 Книги  
Vip Innovations Ltd, Rousse, Bulgaria 2025